| 000 | 00464nam a2200133Ia 4500 | ||
|---|---|---|---|
| 008 | 220512s9999 xx 000 0 eng d | ||
| 100 | _aPadhi, Rajashree | ||
| 245 | 0 |
_aEmergence of Civil Society and the Right- Based Approach to Development in India / _cPadhi, Rajashree and Sahu, Samanta |
|
| 260 |
_aHyderabad : _bInstitute of Public Enterprise, O U Campus, _cJun-05 |
||
| 500 | _aWorking Paper 62 | ||
| 546 | _aEnglish | ||
| 700 | _aSahu, Samanta | ||
| 942 | _cPR | ||
| 999 |
_c36544 _d36544 |
||